Workshop on regional planning. Conference papers /

Detalles Bibliográficos
Autor principal: Saha Kumar, Suranjit
Formato: Libro
Publicado: Recife : UFPE, Dpto. de Ciencias Sociais, 1998.
Materias:
Etiquetas: Agregar Etiqueta
Sin Etiquetas, Sea el primero en etiquetar este registro!

MARC

LEADER 00000nam a22000004a 4500
001 AR-BbUGT4362
003 AR-BbUGT
005 20181220001852.0
007 ta
008 061101t1998 ||| |0|||0| d
040 |a AR-BbUGT  |b spa  |c AR-BbUGT 
082 0 4 |a 338.984 
100 1 |a Saha Kumar, Suranjit. 
245 1 0 |a Workshop on regional planning. Conference papers /   |c Suranjit Saha Kumar. 
260 |a Recife :   |b UFPE, Dpto. de Ciencias Sociais,   |c 1998. 
300 |a 208 p. 
653 |a Plider 
942 |c BK  |h 338.984  |i W898  |m P  |2 ddc  |6 338_984000000000000_W898 
999 |c 11646  |d 11646